LEADER 00949nam a2200217 i 4500 001 000000186266 003 CaOOAMICUS 005 20100224000000.0 008 100224s1912 it u000 u ita u 013 $a164313 040 $aSeMil$bita 100 1 $aCarmagnola, Albino.$0(OLS)http://semarc/name/9971 245 13$aLa ristorazione in Cristo :$bQuaresimale /$cSac. Prof. Albino Carmagnola. 250 $a7. edizione interamente rifatta. 260 $aTorino :$bLibreria Editrice Internazionale della SAID Buona Stampa,$c1912. 300 $a810 p. ;$c21 cm. 650 4$aQuaresima - Meditazioni.$0(OLS)http://semarc/subject/2055 850 $aSeMil 852 $aSeMil$W1$xVenegono$y1$m3F III 537$j136953$B136953$CSeMilBibl$Z2$F148505 $81 996 $6245$aLa ristorazione in Cristo :$bQuaresimale$9(OLS)http://semarc/title/267738 996 $6260$aTorino :$bLibreria Editrice Internazionale della SAID Buona Stampa$9(OLS)http://semarc/publisher/42794 LEADER 00977nam a2200241 i 4500 001 000000124042 003 CaOOAMICUS 005 20040310000000.0 008 040310s1985 it u000 u ita u 013 $a96739 040 $aSeMil$bita 100 1 $aTintori, Giampiero.$0(OLS)http://semarc/name/50596 245 10$aVedere la musica /$cGiampiero Tintori. 260 $aBergamo :$bCredito Bergamasco,$ccopyr. 1985. 300 $a180 p. :$briccamente ill. ;$c30 cm. 500 $aIn occhietto : Esemplare per S.E. Cardinale Carlo Maria Martini. - In cofanetto. - Fondo Card. C.M. Martini. 650 4$aMusica nell'arte.$0(OLS)http://semarc/subject/23830 850 $aSeMil 852 $aSeMil$W1$xVenegono$y1$m5G IX 26$j78666$B78666$CSeMilBibl$Z2$F80837 $8I 941 1 $a4 961 $aOmaggio: Martini Card. Carlo Maria 996 $6245$aVedere la musica$9(OLS)http://semarc/title/182489 996 $6260$aBergamo :$bCredito Bergamasco$9(OLS)http://semarc/publisher/29800